书目信息 |
| 题名: |
建筑工程测量与实训项目化教程
|
|
| 作者: | 方意 , 黄佳宾 , 章琼 主编 | |
| 分册: | ||
| 出版信息: | 武汉 华中科技大学出版社 2022.04 |
|
| 页数: | 226页 | |
| 开本: | 26cm | |
| 丛书名: | 高等职业学校“十四五”规划土建类工学结合系列教材 | |
| 单 册: | ||
| 中图分类: | TU198 | |
| 科图分类: | ||
| 主题词: | 建筑测量--jian zhu ce liang--职业大学--教材 | |
| 电子资源: | ||
| ISBN: | 978-7-5680-8084-2 | |
| 000 | 01429nam 2200289 450 | |
| 001 | 29584 | |
| 005 | 20221105185444.48 | |
| 010 | @a978-7-5680-8084-2@dCNY59.80 (含手册) | |
| 100 | @a20220520d2022 em y0chiy50 ea | |
| 101 | 0 | @achi |
| 102 | @aCN@b420000 | |
| 105 | @aa a 000yy | |
| 200 | 1 | @a建筑工程测量与实训项目化教程@Ajian zhu gong cheng ce liang yu shi xun xiang mu hua jiao cheng@f主编方意, 黄佳宾, 章琼 |
| 205 | @a第2版 | |
| 210 | @a武汉@c华中科技大学出版社@d2022.04 | |
| 215 | @a226页@c图@d26cm@e实操强化训练1册 (41页 ; 26cm) | |
| 225 | 2 | @a高等职业学校“十四五”规划土建类工学结合系列教材@Agao deng zhi ye xue xiao “ shi si wu ” gui hua tu jian lei gong xue jie he xi lie jiao cai |
| 320 | @a有书目 (第223-226页) | |
| 330 | @a本书主要由两部分组成。第一部分为工程测量基础知识, 内容涵盖水准测量、角度测量、平面图地形图的基础知识、全站仪以及GPS测量、建筑工程施工测量等认识: 第二部分为测量实训指导, 包括测量实训的性质、任务和基本要求、实训的主要内容、时间场地及人员组织、作业时间分配、领用仪器、具体作业内容和技术要求、注意事项、实训成果、操作考核及成绩评定等。 | |
| 410 | 0 | @12001 @a高等职业学校“十四五”规划土建类工学结合系列教材 |
| 606 | 0 | @a建筑测量@Ajian zhu ce liang@x职业大学@j教材 |
| 690 | @aTU198@v5 | |
| 701 | 0 | @a方意@Afang yi@4主编 |
| 701 | 0 | @a黄佳宾@Ahuang jia bin@4主编 |
| 701 | 0 | @a章琼@Azhang qiong@4主编 |
| 801 | 0 | @aCN@c20220910 |
| 905 | @a河南城建学院图书馆@dTU198@eF263=2@f2 | |
| 建筑工程测量与实训项目化教程/主编方意, 黄佳宾, 章琼.-第2版.-武汉:华中科技大学出版社,2022.04 |
| 226页:图;26cm+实操强化训练1册 (41页 ; 26cm).-(高等职业学校“十四五”规划土建类工学结合系列教材) |
| ISBN 978-7-5680-8084-2:CNY59.80 (含手册) |
| 本书主要由两部分组成。第一部分为工程测量基础知识, 内容涵盖水准测量、角度测量、平面图地形图的基础知识、全站仪以及GPS测量、建筑工程施工测量等认识: 第二部分为测量实训指导, 包括测量实训的性质、任务和基本要求、实训的主要内容、时间场地及人员组织、作业时间分配、领用仪器、具体作业内容和技术要求、注意事项、实训成果、操作考核及成绩评定等。 |
| ● |
| 相关链接 |
|
|
|
正题名:建筑工程测量与实训项目化教程
索取号:TU198/F263=2
 
预约/预借
| 序号 | 登录号 | 条形码 | 馆藏地/架位号 | 状态 | 备注 |
| 1 | 1583355 | 215833551 | 建筑库101/101建筑库 28排1列1层/ [索取号:TU198/F263=2] | 在馆 | |
| 2 | 1583356 | 215833560 | 建筑库101/101建筑库 28排1列1层/ [索取号:TU198/F263=2] | 在馆 |